000 00929nam a2200349Ia 4500
005 20260514124355.0
008 008 261405s9999 xx 000 0 eng d
037 _aThesis
040 _aCRL
040 _beng
040 _cCRL
041 _2eng
041 _aeng
084 _qCRL
100 _aDr.A.S.Saumya
_91239660
245 0 _aStudy of Serum Intercellular Adhesion Molecule-1 and its Association with Carbohydrate Antigen 15-3 and TNM Stage in Patients of Breast Cancer.
260 _aDelhi
260 _bUniversity of Delhi
260 _c2015
300 _a88p.
502 _bPh.D.
502 _cUniversity of Delhi
502 _d2015
541 _oThesis
650 _aPathology
_91239640
700 _aDr.Kiran Agarwal,
_91239657
700 _aDr.Shaji Thomas
_91239661
700 _aDr.Shilpi Agarwal
_91239662
710 _aPathology
942 _cTH
999 _c1851759
_d1851759